000 00715nam a2200241Ia 4500
003 OSt
005 20220930070204.0
006 a|||||r|||| 00| 0
007 ta
008 220926b |||||||| |||| 00| 0 eng d
024 _a6660
037 _cTheses
040 _aCRL
_cCRL
_beng
041 _2eng
_aeng
100 _aSaxena K.M.
_9526868
110 _aUniversity of Agra. Faculty of Mathematical Sciences. Department of Mathematics
_9524468
245 0 _aTheory of laplacestieltjes integral
260 _c1951
650 _aMATHEMATICS
700 _aUniversity of Agra. Faculty of Mathematical Sciences. Department of Mathematics
_9524469
942 _cDIS
_2CC
999 _c860581
_d860581